| 000 | 02261nam0a2200361 4500 | ||
|---|---|---|---|
| 001 | RU\NLR\BIBL_A\022723264 | ||
| 005 | 20260420063151.0 | ||
| 010 |
_a978-5-4482-0134-9 _9300 |
||
| 021 |
_aRU _bКН-П-25-077430 _9КН-П-25-7508 |
||
| 035 | _a(NLR Aleph) 022723264 | ||
| 090 |
_a13688078 _c13688078 |
||
| 100 | _a20260209d2025 k y0rusy50 ca | ||
| 101 | 0 | _arus | |
| 102 | _aRU | ||
| 105 | _aa j 000yy | ||
| 181 | 0 |
_ai3 _baxxe |
|
| 182 | 0 | _an | |
| 200 | 1 |
_aФинансовый анализ банка _eучебник для студентов бакалавриата направления подготовки Экономика _f[Цурова Лиза Ахметова, кандидат экономических наук, доцент, Ниязбекова Шакизада Утеулиевна, кандидат экономических наук, доцент, Гордова Марина Алексеевна, кандидат экономических наук, доцент и др.] _gМинистерство науки и высшего образования Российской Федерации, Федеральное государственное бюджетное образовательное учреждение высшего образования "Ингушский государственный университет" |
|
| 203 |
_aТекст _bвизуальный _cнепосредственный |
||
| 210 |
_aНазрань _cКЕП _d2025 |
||
| 215 |
_a199 с. _cтабл. _d21 |
||
| 300 | _aАвт. указаны на 3-й с. | ||
| 606 | 1 |
_aБанки _jУчебники для высших учебных заведений _xФинансовый анализ _92356271 _3RU\NLR\AUTH\661407390 |
|
| 686 | 1 | _aУ26(0)210-24я73 | |
| 701 | 1 |
_aЦурова _bЛ. А. _gЛиза Ахметовна |
|
| 701 | 1 |
_aНиязбекова _bШ. У. _gШакизада Утеулиевна |
|
| 701 | 1 |
_aГордова _bМ. А. _fМарина Алексеевна |
|
| 712 | 0 | 2 |
_4570 _aИнгушский государственный университет _cМагас _9683648 _3RU\NLR\AUTH\880511543 |
| 942 | _cBOOK | ||
| 980 | _aNB | ||